=LDR 00000nam 2200000 4500 =001 000274 =005 20250710124048 =035 ##$$a 0010-0725000111 =245 1#$$a Kacamata ibu /$c Tanu shree singh =100 #$$a Tanu =300 ##$$a 18 : $b Ilus. ; $c 21 cm =856 ##$$a TBM As suhada =260 ##$$a Rawamangun :$b Badan pengembangan dan pusat bahasa,$c 2022 =082 ##$$a PB 398.209 598SIN k =084 ##$$a PB 398.209 598SIN k TAN k =022 ##$$a 978-623-307-478-0 =650 #4$$a Cerita anak indonesia-terjemahan =650 #4$$a Literasi-bahan bacaan =863 ##$$a Cetakan pertama